Statistiques concernant Les séries télévisées françaises des années 60

Cliquez ici pour prendre le quiz!

Statistiques générales

  • Ce quiz a été pris 29 fois
  • Le résultat moyen est 4 sur 17

Statistiques - réponses

SérieActeur% Correct
Thierry la frondeJean Claude Drouot
63%
Les saintes chéries - Ève LagardeMicheline Presle
48%
L'homme du PicardieChristian Barbier
44%
Les saintes chéries - Pierre LagardeDaniel Gélin
41%
Rocambole - voir photoPierre Vernier
37%
Les chevaliers du ciel - LaverdureChristian Marin
33%
Les globe-trotters - Pierre RibardYves Rénier
30%
Corsaires et flibustiers - Nicolas Parray de CoursicMichel Le Royer
22%
VidocqBernard Noël
19%
Les chevaliers du ciel - TanguyJacques Santi
11%
RouletabillePhilippe Ogouz
11%
Janique AiméeJanine Vila
7%
Gorri le diableRobert Etcheverry
7%
Le temps des copains - Lucien GonfaronHenri Tisot
7%
Jean Roch CoignetHenri Lambert
0%
Le chevalier de Maison-RougeJean Desailly
0%
L'inspecteur Leclerc enquêtePhilippe Nicaud
0%

Distribution des résultats

Percentile par nombre de réponses

% des personnes avec chaque résultat

Votre développement - résultats

Vous n’avez pas pris ce quiz